| 000 | 01392nam a2200337 a 4500 | ||
|---|---|---|---|
| 001 | 000116034 | ||
| 003 | CHAP | ||
| 005 | 20220329144558.0 | ||
| 008 | 190830s2012 mx |r| ||||||spa d | ||
| 010 | _a112495 | ||
| 011 | _a113467 | ||
| 020 | _a9786077538677 | ||
| 040 | _cCHAP | ||
| 082 | 0 | 4 |
_a342.72 _bM99 v.14 |
| 110 | 1 |
_aMéxico. Constitución, _d1917 _976889 |
|
| 245 | 1 | 0 |
_aKonstitusión politikaj tyi estarus unirus mejikanus = Constitución Política de los Estados Unidos Mexicanos en Ch'ol de Tabasco / _ccoordinado por Pérez Luciano Pedro, Nalyndesirette Chablé Gerónimo y Ulises Contreras Castillo. |
| 260 |
_aMéxico, D.F. : _bINALI _bUniversidad Intercultural del Estado de Tabasco, _c2012. |
||
| 300 | _a216 p. | ||
| 490 |
_aConstitución Política de los Estados Unidos Mexicanos en lenguas indígenas _v14 |
||
| 500 | _aGlosario de términos jurídicos Ch'ol de Tabasco | ||
| 590 |
_aE5765TAJ _b05 _c20190830 _lUCH01 _h1024 |
||
| 650 | 1 | 4 |
_aDerecho constitucional _xMéxico. _931886 |
| 650 | 1 | 4 |
_aMéxico _xConstitución. _976735 |
| 700 | 1 |
_aChablé Gerónimo, Nalyndesirette _ecoord. _9136745 |
|
| 700 | 1 |
_aContreras Castillo, Ulises _ecoord. _9136746 |
|
| 700 | 1 |
_aPérez Luciano, Pedro _ecoord. _9136744 |
|
| 830 | 0 |
_aConstitución Política de los Estados Unidos Mexicanos en lenguas indígenas _v14 _9136735 |
|
| 901 | _aBK | ||
| 942 | _cLIBRO | ||
| 942 | _n0 | ||
| 999 |
_c112495 _d112495 |
||